Statistics for Women's Figure Skating Champions

Click here to take the quiz!

General Stats

  • This quiz has been taken 2,671 times
    (814 since last reset)
  • The average score is 10 of 22

Answer Stats

Years Country Answer % Correct
1984, 1988East GermanyKatarina Witt
75%
1992United StatesKristi Yamaguchi
69%
1994UkraineOksana Baiul
66%
2010South KoreaYuna Kim
63%
1928, 1932, 1936NorwaySonja Henie
63%
1998United StatesTara Lipinski
60%
1976United StatesDorothy Hamill
59%
1968United StatesPeggy Fleming
56%
2018RussiaAlina Zagitova
47%
2002United StatesSarah Hughes
47%
2014RussiaAdelina Sotnikova
41%
2006JapanShizuka Arakawa
38%
1960United StatesCarol Heiss
36%
1948CanadaBarbara Ann Scott
35%
1956United StatesTenley Albright
34%
1972AustriaBeatrix Schuba
33%
1908Great BritainMadge Syers
31%
1964NetherlandsSjoukje Dijkstra
30%
1980East GermanyAnett Potzsch
30%
1952Great BritainJeannette Altwegg
29%
1924AustriaHerma Szabo
29%
1920SwedenMagda Julin
28%

Score Distribution

Percentile by Number Answered

Percent of People with Each Score

Your Score History

You have not taken this quiz since the last reset